000 00658nam a2200229 i 4500
001 C2-0241386
003 PPAK
005 20180727203818.0
008 020804s1968 ilua|||| ||||| | eng d
040 _aPPAK
_beng
_cPPAK
_erda
082 0 4 _a915.990446
_223
090 0 0 _a915.990446
_bGEI
_dKSI
245 0 0 _aLet's travel in the Philippines
264 1 _aChicago :
_bChildren's Press ,
_c1968
300 _a85 pages :
_billustrations ;
_c28 cm
336 _2rdacontent
_atext
337 _2rdamedia
_aunmediated
338 _2rdacarrier
_avolume
650 1 0 _aPhilippines - Description and travel.
700 1 _aGeis, Darlene,
_eeditor
942 _ddc
_cB
999 _c56464
_d56464